|
|
|
|
| LEADER |
00000nam0a2200000 4500 |
| 001 |
1572 |
| 005 |
20231030173309.0 |
| 010 |
|
|
|a 5854640236
|
| 035 |
|
|
|a (RuTPU)RU\TPU\book\1580
|
| 035 |
|
|
|a BOOK00001582
|
| 090 |
|
|
|a 1572
|
| 100 |
|
|
|a 20011209d1995 m y0rusy50 ca
|
| 101 |
0 |
|
|a rus
|
| 102 |
|
|
|a RU
|
| 105 |
|
|
|a y z 000ay
|
| 200 |
1 |
|
|a Опавшие листья
|e Роман
|f П. Н. Краснов
|
| 210 |
|
|
|a Екатеринбург
|c УТД Посылторг
|d 1995
|
| 215 |
|
|
|a 444 с.
|
| 225 |
1 |
|
|a Исторические романы
|
| 610 |
1 |
|
|a романы
|
| 610 |
1 |
|
|a любовь
|
| 610 |
1 |
|
|a Родина
|
| 610 |
1 |
|
|a мать
|
| 610 |
1 |
|
|a женщина
|
| 675 |
|
|
|a Р2
|v 3
|
| 700 |
|
1 |
|a Краснов
|b П. Н.
|g Петр Николаевич
|
| 801 |
|
0 |
|a RU
|b 63413507
|c 20011209
|g PSBO
|
| 801 |
|
2 |
|a RU
|b 63413507
|c 20060822
|g PSBO
|
| 942 |
|
|
|c BK
|